An assessment of investment in technology in cocoa processing industry in Nigeria

En este documento se evala͠ la inversin̤ en tecnologa̕ en la industria de procesamiento de cacao en Nigeria. Este estudio se llev ̤a cabo en seis organizaciones de procesamiento de cacao. Se emple ̤la tčnica de cuestionarios complementada con entrevistas orales a funcionarios de tales organizacione...

Whakaahuatanga katoa

I tiakina i:
Ngā taipitopito rārangi puna kōrero
Ētahi atu kaituhi: Segun Olowolaju Philip, IISTE
Hōputu: Pukapuka
Reo:Ingarihi
Ngā marau:
Urunga tuihono:An assessment of investment in technology in cocoa processing industry in Nigeria
Tags: Tāpirihia he Tūtohu
No Tags, Be the first to tag this record!

MARC

LEADER 00000nam a22000004a 4500
001 vpro11827
005 20201223000000.0
008 170707s2017 ck # g## #001 0#eng#d
020 |a 2222-1700 (versin̤ impresa) ; 2222-2855 (versin̤ online) 
022
040 |a CO-BoINGC 
041 0 |a eng 
245 1 0 |a An assessment of investment in technology in cocoa processing industry in Nigeria 
246 |a Una evaluacin̤ de la inversin̤ en tecnologa̕ en la industria de procesamiento de cacao en Nigeria 
264 |a Bogot ̀(Colombia) :  |b Revista VirtualPRO,  |c 2017 
520 3 |a En este documento se evala͠ la inversin̤ en tecnologa̕ en la industria de procesamiento de cacao en Nigeria. Este estudio se llev ̤a cabo en seis organizaciones de procesamiento de cacao. Se emple ̤la tčnica de cuestionarios complementada con entrevistas orales a funcionarios de tales organizaciones. Los datos recogidos se analizaron mediante estads̕tica descriptiva e inferencial. 
650 \ \ |a Sostenibilidad 
650 \ \ |a Cacao 
650 \ \ |a Agroindustria 
650 \ \ |a Sustainability 
650 \ \ |a Cacao 
650 \ \ |a Agro-industry 
650 \ \ |a Tecnologa̕ 
650 \ \ |a Inversin̤ 
650 \ \ |a Capital circulante 
650 \ \ |a Maquinaria 
650 \ \ |a Financiacin̤ 
650 \ \ |a Nigeria 
650 \ \ |a Technology 
650 \ \ |a Investment 
650 \ \ |a Working capital 
650 \ \ |a Machinery 
650 \ \ |a Financing 
650 \ \ |a Nigeria  
700 \ \ |a Segun Olowolaju Philip  
700 \ \ |a IISTE 
856 |z An assessment of investment in technology in cocoa processing industry in Nigeria  |u https://virtualpro.unach.elogim.com/biblioteca/una-evaluacion-de-la-inversion-en-tecnologia-en-la-industria-de-procesamiento-de-cacao-en-nigeria